000 00297nam a2200133Ia 4500
005 20251222141855.0
008 251222s9999||||xx |||||||||||||| ||spa||
020 _a978-84-415-3022-5
082 _a791.433/L22
100 _aLancaster, Kurt
245 0 _aCine DSLR
264 _bAnaya
942 _cLIB
999 _c7854
_d7854